Normal view MARC view
  • Wasson, Charles S.

Entry Personal Name

Number of records used in: 1

001 - CONTROL NUMBER

  • control field: 116132

003 - CONTROL NUMBER IDENTIFIER

  • control field: NUST

005 - DATE AND TIME OF LATEST TRANSACTION

  • control field: 20230912165828.0

008 - FIXED-LENGTH DATA ELEMENTS

  • fixed length control field: 230912|| aca||aabn | a|a d

040 ## - CATALOGING SOURCE

  • Original cataloging agency: NUST
  • Transcribing agency: NUST

100 ## - HEADING--PERSONAL NAME

  • Personal name: Wasson, Charles S.

670 ## - SOURCE DATA FOUND

  • Source citation: Work cat.: (NUST): Wasson, Charles S.,, System engineering analysis, design, and development :
© 2023 Central Library, National University of Sciences and Technology. All Rights Reserved.